000 01079nam a22003857a 4500
001 BR0805720
003 BR-BrBNA
005 20230928102707.0
007 ta
008 230509b bl.||||| |||| 00| 0 por d
040 _aBR-BrBNA
_bpor
_cBiblioteca Nacional de Agricultura
041 _a(Por)
072 _aF01
_b0820
090 _ 0820 BR0805720
100 1 _aMedeiros, R.D. de(ed.)
100 1 _aHalfeld-Vieira, B. de A.(ed.)
110 1 _aEMBRAPA Roraima, Boa Vista, RR (Brasil)
_93712
245 1 _aCultura da melancia em Roraima
260 3 _aBrasília, DF (Brasil):
_bEMBRAPA Informação Tecnológica,
_c2007.
300 _a125 p.
500 _aSeveral bibliography; 34 illus.; 16 tables
650 _aMELANCIA
650 _aVARIEDADE
650 _aPRÁTICA CULTURAL
650 _aADUBAÇÃO
650 _aCALAGEM
650 _aIRRIGAÇÃO
650 _aRENDIMENTO
650 _aPRAGA DE PLANTA
650 _aDOENÇA DE PLANTA
650 _aCUSTO DE PRODUÇÃO
650 _aRORAIMA
909 _a202309
_bLucia
_c55
_dLucia Elande
942 _cBK
999 _c72069
_d72069